000
00242nam a22001097a 4500
999
_c
166678
_d
166678
082
_a
_b
100
_a
Lallan Ray
245
_a
Tulsi ki sahithya sadhana/
_c
by Lallan Ray.
260
_a
New Delhi:
_b
Vani,
_c
1988.
650
_a
942
_c
BK